skbl

Dr Suryya Kumar Bhuyan Library Web-OPAC
ডঃ সূৰ্য্য
কুমাৰ ভূঞা পুথিভঁৰাল ৱেব-অ'পেক

All Research Scholars are advised to clear the annual library fees to continue using Library Resources, Remote Access, Plagiarism Test and Library Clearance.

Cotton University Book Fair 2026

New Criticism (Record no. 59944)

MARC details
000 -LEADER
fixed length control field 00457nam a2200181Ia 4500
001 - CONTROL NUMBER
control field 60070
008 - FIXED-LENGTH DATA ELEMENTS--GENERAL INFORMATION
fixed length control field 160728n ii |||gr||||Z||||||465
082 ## - DEWEY DECIMAL CLASSIFICATION NUMBER
Classification number 820.09
100 ## - MAIN ENTRY--PERSONAL NAME
Personal name Chandra, Naresh.
245 #0 - TITLE STATEMENT
Title New Criticism
Statement of responsibility, etc. By Naresh Chandra
Medium Textual Documents
250 ## - EDITION STATEMENT
Edition statement First.
260 ## - PUBLICATION, DISTRIBUTION, ETC.
Place of publication, distribution, etc. Delhi:
Name of publisher, distributor, etc. Doaba House,
Date of publication, distribution, etc. 1979.
300 ## - PHYSICAL DESCRIPTION
Extent 325pg:
Other physical details index;
Dimensions 23cm.
653 ## - INDEX TERM--UNCONTROLLED
Uncontrolled term English
653 ## - INDEX TERM--UNCONTROLLED
Uncontrolled term New Criticism
653 ## - INDEX TERM--UNCONTROLLED
Uncontrolled term G-English
942 ## - ADDED ENTRY ELEMENTS (KOHA)
Source of classification or shelving scheme Dewey Decimal Classification
Koha item type Books
Holdings
Withdrawn status Lost status Damaged status Not for loan Collection Home library Current library Shelving location Date acquired Coded location qualifier Cost, normal purchase price Total checkouts Full call number Barcode Date last seen Copy number Price effective from Koha item type
          Dr. Suryya Kumar Bhuyan Library Dr. Suryya Kumar Bhuyan Library   28/07/2016 00000 50.00   820.09 Ch 344 Ne 3136/gift 14/01/2024 1 28/07/2016 Books

Designed and Maintained by Team SKBL
©1901-2026

Powered by Koha